| 000 | 00669 a2200193 4500 | ||
|---|---|---|---|
| 003 | Nust | ||
| 005 | 20170207152533.0 | ||
| 010 | _a 94006003 | ||
| 020 | _a0024154830 | ||
| 040 | _cNust | ||
| 082 | 0 | 0 | _a005.8 |
| 100 | 1 | _aStallings, William. | |
| 245 | 1 | 0 |
_aNetwork and internetwork security : _bprinciples and practice / _cWilliam Stallings. |
| 260 |
_aEnglewood Cliffs, N.J. : _bPrentice Hall, ; _aNew York, : _bIEEE _cc1995. |
||
| 300 |
_axiii, 462 p. : _bill. ; _c24 cm. |
||
| 505 | _aPart 1: Internetwork Security Principles (Page-21) Part 2: Internetwork Security Practice (Page-267) | ||
| 650 | 0 |
_aComputer networks _xSecurity measures. |
|
| 650 | 0 | _aComputer security. | |
| 942 |
_2ddc _cBK |
||
| 999 |
_c176790 _d176790 |
||